To evaluate and compare the stress distribution on Dental implants in All-On-Four situation in Atrophic Mandible with change in superstructure materials (Record no. 23731)

MARC details
000 -LEADER
fixed length control field 00542nam a22001457a 4500
003 - CONTROL NUMBER IDENTIFIER
control field SGT
082 ## - DEWEY DECIMAL CLASSIFICATION NUMBER
Classification number 617.69
Item number T23K
100 ## - MAIN ENTRY--PERSONAL NAME
Personal name Kusum
245 ## - TITLE STATEMENT
Title To evaluate and compare the stress distribution on Dental implants in All-On-Four situation in Atrophic Mandible with change in superstructure materials
Remainder of title A FEA Study
260 ## - PUBLICATION, DISTRIBUTION, ETC. (IMPRINT)
Place of publication, distribution, etc Gurugram, Haryana
Name of publisher, distributor, etc SGT University
Year of Publication 2023
300 ## - PAGE DESCRIPTION
No. of Pages 97
650 ## - SUBJECT ADDED ENTRY--TOPICAL TERM
Topical term or geographic name as entry element Prosthodontics, Crown & Bridge and Oral Implantology
653 ## - KEYWORDS--INDEX TERM
Keyword term Prosthodontics, Crown & Bridge and Oral Implantology
942 ## - ADDED ENTRY ELEMENTS (KOHA)
Source of classification or shelving scheme Dewey Decimal Classification
Koha item type Thesis/Dissertation
Holdings
Withdrawn status Lost status Source of classification or shelving scheme Damaged status Use restrictions Not for loan Home library Current library Date acquired SGTU Full call number Accession No. (Barcode) Date last seen Bill Date Koha item type
    Dewey Decimal Classification   Restricted Access Not For Loan SGT Dental Library SGT Dental Library 25/01/2023 SGTU 617.69 T23K DT1484 25/01/2023 25/01/2023 Thesis/Dissertation